| 000 | 00478nam a22001817a 4500 | ||
|---|---|---|---|
| 999 |
_c8773 _d8773 |
||
| 003 | GBCCL | ||
| 005 | 20241126110658.0 | ||
| 008 | 211004b ||||| |||| 00| 0 eng d | ||
| 040 | _cgbc | ||
| 082 |
_a226.8 _bTON |
||
| 100 |
_aTonsing, Ginliansang _97479 |
||
| 245 |
_aVan lalgam thuguk: _bJesu gentehna gente |
||
| 260 |
_aLamka: _bAuthor, _c2021 |
||
| 300 | _a156p.; | ||
| 650 |
_aJesus Christ _vParables _915437 |
||
| 650 |
_aBible. _vN.T. _xGospels _915438 |
||
| 942 |
_2ddc _cBK |
||